| 000 | 01643cam a22003737a 4500 | ||
|---|---|---|---|
| 001 | 16665746 | ||
| 003 | Nust- CAS-E | ||
| 005 | 20180118181410.0 | ||
| 008 | 110224s2011 njua b 101 0 eng d | ||
| 010 | _a 2011280621 | ||
| 020 | _a9781118016053 | ||
| 020 | _a111801605X | ||
| 035 | _a(OCoLC)ocn696620804 | ||
| 040 |
_aCAI _cCAI _dYDXCP _dDLC |
||
| 042 | _alccopycat | ||
| 050 | 0 | 0 |
_aTJ807.2 _b.E555 2010 |
| 082 | 0 | 0 |
_a621.042 _223 _bMAT 2011 |
| 111 | 2 |
_aEnergy 2010 _n(2nd : _cCocoa Beach, Fla.) |
|
| 245 | 1 | 0 |
_aMaterials challenges in alternative and renewable energy : _ba collection of papers presented at the Materials Challenges in Alternative and Renewable Energy Conference February 21-24, 2010, Cocoa Beach, Florida / _cedited by George Wicks ... [et al.]. |
| 260 |
_aHoboken, N.J. : _bWiley ; _a[Westerville, Ohio] : _bAmerican Ceramic Society, _cc2011. |
||
| 300 |
_axii, 415 p. : _bill. ; _c25 cm. |
||
| 490 | 1 |
_aCeramic transactions ; _vv. 224 |
|
| 502 | _a0 | ||
| 504 | _aIncludes bibliographical references and author index. | ||
| 650 | 0 |
_aRenewable energy sources _xMaterials _vCongresses. |
|
| 700 | 1 | _aWicks, George G. | |
| 710 | 2 | _aAmerican Ceramic Society. | |
| 830 | 0 |
_aCeramic transactions ; _vv. 224. |
|
| 856 | 4 | 2 |
_3Publisher description _uhttp://www.loc.gov/catdir/enhancements/fy1108/2011280621-d.html |
| 856 | 4 | 1 |
_3Table of contents only _uhttp://www.loc.gov/catdir/enhancements/fy1108/2011280621-t.html |
| 906 |
_a7 _bcbc _ccopycat _d2 _encip _f20 _gy-gencatlg |
||
| 942 |
_2ddc _cBK |
||
| 999 |
_c355693 _d355693 |
||